पर्यावरण अध्ययन (Record no. 1082)

MARC details
000 -LEADER
fixed length control field 01025 a2200217 4500
005 - DATE AND TIME OF LATEST TRANSACTION
control field 20080904110512.0
008 - FIXED-LENGTH DATA ELEMENTS--GENERAL INFORMATION
fixed length control field 080904t xxu||||| |||| 00| 0 hin d
010 ## - LIBRARY OF CONGRESS CONTROL NUMBER
LC control number HIN-78974
020 ## - INTERNATIONAL STANDARD BOOK NUMBER
International Standard Book Number 8180970760
Terms of availability 150.00
035 ## - SYSTEM CONTROL NUMBER
System control number HN-51321
037 ## - SOURCE OF ACQUISITION
Source of stock number/acquisition D.B.Act / pub
082 ## - DEWEY DECIMAL CLASSIFICATION NUMBER
Classification number 363.7
100 ## - MAIN ENTRY--PERSONAL NAME
Personal name मिश्र, शिवगोपाल
245 ## - TITLE STATEMENT
Title पर्यावरण अध्ययन
Statement of responsibility, etc शिवगोपाल मिश्र
246 ## - VARYING FORM OF TITLE
Title proper/short title Paryavaran Adhyayan
Remainder of title Shivgopal Misea
260 ## - PUBLICATION, DISTRIBUTION, ETC. (IMPRINT)
Place of publication, distribution, etc इलाहाबाद
Name of publisher, distributor, etc साहित्य संगम
Date of publication, distribution, etc 2006
270 ## - ADDRESS
Address नया-100, लूकरगंज
City इलाहाबाद
300 ## - PHYSICAL DESCRIPTION
Extent 256पृ
Dimensions 22 सेमी (अजिल्द)
942 ## - ADDED ENTRY ELEMENTS (KOHA)
Institution code [OBSOLETE] dpl
Koha item type Hindi Books
Call number prefix 363.7 / मिश्रशि
Source of classification or shelving scheme Dewey Decimal Classification
Classification part 363.7
Call number suffix मिश्रशि
Holdings
Withdrawn status Lost status Damaged status Not for loan Collection code Home library Current library Date acquired Cost, normal purchase price Total Checkouts Full call number Barcode Date last seen Copy number Uniform Resource Identifier Cost, replacement price Price effective from Koha item type
      Not For Loan Non-fiction D.B.Act.Division D.B.Act.Division 04/09/2008 150.00   363.7 मिश्रशि HN-51321 15/09/2008 1 1147 150.00 15/09/2008 Hindi Books

© Delhi Public Library
Hit Counter
free hit counter